书目信息 |
| 题名: |
《新编大学英语》同步强化训练
|
|
| 作者: | 杨福玲 主编 | |
| 分册: | 第一册 | |
| 出版信息: | 天津 天津大学出版社 2000 |
|
| 页数: | 245页 | |
| 开本: | 26cm | |
| 丛书名: | ||
| 单 册: | ||
| 中图分类: | H313 , H31 | |
| 科图分类: | ||
| 主题词: | 英语--教学参考资料 | |
| 电子资源: | ||
| ISBN: | 7-5618-1349-X | |
| 000 | 00628nam0 2200205 45 | |
| 001 | 0112241668 | |
| 005 | 20070723173207.76 | |
| 010 | @a7-5618-1349-X@dCNY19.00 | |
| 100 | @a20011224d2000 km y0chiy0120 ea | |
| 101 | 0 | @achi |
| 102 | @aCN@b120000 | |
| 200 | 1 | @a《新编大学英语》同步强化训练@A《xin bian da xue ying yu》tong bu qiang hua xun lian@f杨福玲主编@Fyang fu ling zhu bian@h第一册 |
| 210 | @a天津@c天津大学出版社@d2000 | |
| 215 | @a245页@d26cm | |
| 606 | 0 | @a英语@x教学参考资料 |
| 690 | @aH313@v4 | |
| 690 | @aH31@v3 | |
| 701 | @a杨福玲@Ayang fu ling@4主编 | |
| 801 | @aCN@bTSSF@c20070723 | |
| 905 | @a10447@dH31@e1036:1 | |
| 《新编大学英语》同步强化训练/杨福玲主编.第一册.-天津:天津大学出版社,2000 |
| 245页;26cm |
| ISBN 7-5618-1349-X:CNY19.00 |
| ● |
| 相关链接 |
|
|
|
|
正题名:《新编大学英语》同步强化训练
索取号:H31/1036:1
 
预约/预借
| 序号 | 登录号 | 条形码 | 馆藏地/架位号 | 状态 | 备注 |
| 1 | 0401449 | 204014495 | 第二样本阅览室/ [索取号:H31/1036:1] | 在馆 | |
| 2 | 0401450 | 204014501 | 密集书库/ [索取号:H31/1036:1] | 在馆 | |
| 3 | 0770175 | 207701753 | 密集书库/ [索取号:H31/1036:1] | 在馆 | |
| 4 | 0783081 | 207830819 | 密集书库/ [索取号:H31/1036:1] | 在馆 |